PASCUAL DIAZ Y BARRETO, MIGUEL PALOMAR Y VIZCARRA Y JOHN J. BURKE, FRENTE A LAS VICISITUDES DEL CONFLICTO CRISTERO: 1926-1929/
TESIS (LIC. EN FILOSOFIA SOCIAL) INSTITUTO LIBRE DE FILOSOFIA Y CIENCIAS, MEXICO, 1995
Guardado en:
| Autor principal: | |
|---|---|
| Formato: | Libro |
| Publicado: |
Guadalajara, México :
Instituto Libre de Filosofía y Ciencias,
1995
|
| Temas: | |
| Etiquetas: |
Sin etiquetas, Sé el primero en etiquetar este registro!
|
MARC
| LEADER | 00000nam^a2200000^a^4500 | ||
|---|---|---|---|
| 001 | 000257731 | ||
| 005 | 20250526000000.0 | ||
| 009 | 20260310110300.144 | ||
| 035 | |a C42822 | ||
| 037 | |a Acervo Xavier Clavigero | ||
| 082 | |a 011. 75 |b REY | ||
| 100 | |a Reynoso Bolaños, Arturo |e (autor) | ||
| 245 | 1 | 0 | |a PASCUAL DIAZ Y BARRETO, MIGUEL PALOMAR Y VIZCARRA Y JOHN J. BURKE, FRENTE A LAS VICISITUDES DEL CONFLICTO CRISTERO: |b 1926-1929/ |c ARTURO REYNOSO BOLAÑOS |
| 264 | 1 | |a Guadalajara, México : |b Instituto Libre de Filosofía y Ciencias, |c 1995 | |
| 300 | |a 158p. | ||
| 336 | |a texto |b txt |2 rdacontenido | ||
| 337 | |a sin mediación |b n |2 rdamedio | ||
| 338 | |a volumen |b nc |2 rdasoporte | ||
| 520 | |a TESIS (LIC. EN FILOSOFIA SOCIAL) INSTITUTO LIBRE DE FILOSOFIA Y CIENCIAS, MEXICO, 1995 | ||
| 649 | |a XX | ||
| 650 | |a * TESIS - |x HISTORIA - |x CONFLICTO RELIGIOSO Y REBELION CRISTERA, 1926-1929 | ||
| 910 | |a Fondo Jesús Gómez Fregoso S.J. FXC | ||
| 920 | |a Impresos - Libros | ||
| 930 | |a Libros Antiguos y Raros | ||
| 940 | |a Guerra Cristera | ||
| 905 | |a 110 | ||
| 901 | |a 042822 |b IT2 |c LRA |i C42822 |u 20250526 | ||
| 902 | |a https://opac.biblio.iteso.mx/vufind/Record/000257731 | ||